000 01266nam a22002777a 4500
999 _c118435
_d118435
003 dpl
005 20190423115757.0
008 190423b ||||| |||| 00| 0 eng d
010 _aB-013100
020 _c00.00
_a8186562281
035 _aB-013100, B-013104
037 _bCen Lib/Ret
040 _aDPL
_bHN
_c0
082 _a305.560954
_bगुप्तारा
100 _aगुप्ता, राजेश कुमार
_980145
245 _aभारत में आरक्षण नीति /
_cराजेश कुमार गुप्ता
246 _aBharat me aarakshan neeti /
_bby Rajesh Kumar Gupta
260 _aदिल्ली
_bमानक पब्लिकेशन्स
_c2000
270 _bदिल्ली
_aजी-19, विजय चौक, लक्ष्मी नगर
_e110092
300 _axii,302पृ.
_c20सेमी(सजिल्द)
650 _aआरक्षण की अवधारणा
_95570
650 _aआरक्षण -- पिछड़े वर्गों की समस्या
_980146
650 _aThe concept of reservation
_980147
650 _aReservation - backward Problem
_980148
942 _2ddc
_cHN
_h305.560954
_mगुप्तारा